[Event "Nordic Girls CC 2025 U16"]
[Site "Fredericia"]
[Date "2025.04.25"]
[Round "1.1"]
[White "Donovan, Sabrina"]
[Black "Ulmer, Maya Vissing"]
[Result "0-1"]
[WhiteElo "1508"]
[BlackElo "1778"]
[EventDate "2025.04.25"]
[EventType "swiss"]
[EventRounds "5"]
[EventCountry "DEN"]
[SourceTitle "Live v. Kasper Jerwiarz"]

1. e4 c6 2. d4 d5 3. f3 Qb6 4. Nc3 dxe4 5. fxe4 e5 6. dxe5 Be6 7. Nf3 Nd7 8. h3 O-O-O 9. Bd3 Bb4 10. Bd2 Nc5 11. Qe2 Ne7 12. a3 Bxc3 13. Bxc3 Na4 14. Qf2 Qxf2+ 15. Kxf2 Nxc3 16. bxc3 Ng6 17. Ke3 Rhe8 18. Rhd1 Bd7 19. Bc4 Re7 20. Rf1 h6 21. a4 Rde8 22. g4 Nxe5 23. Nxe5 Rxe5 24. Bd3 f6 25. Rfe1 Be6 26. Kf3 Rc5 27. Ra3 Bc4 28. Bxc4 Rxc4 29. Re3 Re5 30. h4 Ra5 31. e5 Rxe5 32. Rxe5 fxe5 33. a5 a6 34. h5 Kc7 35. Rb3 Ra4 36. Rb4 Rxa5 37. c4 Ra2 38. c3 Ra3 0-1

[Event "Nordic Girls CC 2025 U16"]
[Site "Fredericia"]
[Date "2025.04.25"]
[Round "1.2"]
[White "Ostafiev, Cristina"]
[Black "Skramstad, Oda Kofoed"]
[Result "0-1"]
[WhiteElo "1712"]
[BlackElo "1939"]
[EventDate "2025.04.25"]
[EventType "swiss"]
[EventRounds "5"]
[EventCountry "DEN"]
[SourceTitle "Live v. Kasper Jerwiarz"]

1. e4 c6 2. d4 d5 3. Nc3 dxe4 4. Nxe4 Nf6 5. Ng3 h5 6. h4 Bg4 7. Be2 Qc7 8. Bxg4 Nxg4 9. N1e2 e5 10. f3 Nf6 11. dxe5 Nd5 12. e6 Na6 13. exf7+ Qxf7 14. Bg5 Be7 15. Bxe7 Qxe7 16. Kf2 Qe3+ 17. Kf1 O-O-O 18. Qd3 Qb6 19. Qb3 Nab4 20. Nf5 Rhe8 21. a3 g6 22. Nfd4 Ne3+ 23. Kf2 Nexc2 24. axb4 Rxe2+ 25. Kg3 Nxd4 26. Qc3 Nf5+ 27. Kh3 Qf2 28. Rhg1 Qg3# 0-1

[Event "Nordic Girls CC 2025 U16"]
[Site "Fredericia"]
[Date "2025.04.25"]
[Round "1.3"]
[White "Blauhut, Anna"]
[Black "Gultekin, Ece"]
[Result "1-0"]
[WhiteElo "1882"]
[BlackElo "1675"]
[EventDate "2025.04.25"]
[EventType "swiss"]
[EventRounds "5"]
[EventCountry "DEN"]
[SourceTitle "Live v. Kasper Jerwiarz"]

1. e4 e5 2. Nf3 Nc6 3. Bc4 Bc5 4. c3 Nf6 5. d3 d6 6. Bb3 Bg4 7. Nbd2 Nh5 8. h3 Nf4 9. d4 Nxg2+ 10. Kf1 Bxh3 11. Rxh3 Nf4 12. Rg3 Bb6 13. Nc4 h5 14. Bxf4 exf4 15. Rxg7 h4 16. Nxb6 axb6 17. Ng5 Qf6 18. Bxf7+ Kd8 19. Ne6+ Kc8 20. Qg4 Kb8 21. Nxf4 h3 22. Nxh3 Ka7 23. Kg2 Raf8 24. Bb3 Rxh3 25. Kxh3 Qxf2 26. Bf7 Nd8 27. Bh5 Rh8 28. Rg5 Qxb2 29. Rg1 Nf7 30. Rg7 Nh6 31. Qg6 Qd2 32. Rxc7 Qd3+ 33. Kh2 Qd2+ 34. Kh1 Qf4 35. Qg3 Qxe4+ 36. Qf3 Qh4+ 37. Kg2 Qg5+ 38. Kh3 1-0

[Event "Nordic Girls CC 2025 U16"]
[Site "Fredericia"]
[Date "2025.04.25"]
[Round "1.4"]
[White "Schmalholz, Tuva"]
[Black "Briem, Gudrun Fanney"]
[Result "0-1"]
[WhiteElo "1673"]
[BlackElo "1862"]
[EventDate "2025.04.25"]
[EventType "swiss"]
[EventRounds "5"]
[EventCountry "DEN"]
[SourceTitle "Live v. Kasper Jerwiarz"]

1. e4 c6 2. Nf3 d5 3. Nc3 dxe4 4. Nxe4 Nf6 5. Nxf6+ gxf6 6. d4 Bg4 7. c3 e6 8. Bf4 Nd7 9. Be2 Nb6 10. a4 Nd5 11. Bg3 Bd6 12. Qd2 h5 13. Bxd6 Qxd6 14. g3 O-O-O 15. O-O-O Kb8 16. h3 Bf5 17. Bd3 Bg6 18. Rhe1 Ne7 19. Qc2 Qd5 20. Bxg6 Nxg6 21. Re3 Rd7 22. Kb1 Rhd8 23. Qe4 Qc4 24. Qc2 f5 25. Ne5 Nxe5 26. Rxe5 Rd5 27. f4 Rxe5 28. dxe5 Rd5 29. Rxd5 cxd5 30. Qd1 Qe4+ 31. Ka1 h4 32. gxh4 Qxf4 33. h5 Qxe5 34. Qg1 Qf6 35. Qg8+ Kc7 36. Qf8 f4 37. Qc5+ Kd7 38. Qxa7 f3 39. Qxb7+ Kd6 40. Qb6+ Ke7 41. Qc5+ Ke8 42. Qb5+ Kf8 43. Qb8+ Kg7 44. Qg3+ Kh7 45. Qf2 Qf4 46. b3 Qc1+ 47. Ka2 Qxc3 48. Qa7 Qd2+ 49. Ka3 Kg7 50. Qg1+ Kh7 51. Qa7 Qf4 52. Qf2 Qe4 53. Qa7 Qf5 54. Qf2 d4 55. Kb2 Qe4 56. Qg3 Qe2+ 57. Ka3 f2 58. h6 Kxh6 59. Qf4+ Kg6 60. Qg3+ Kf5 61. Qg2 f1=Q 62. Qb7 Qc1+ 63. Kb4 Qc3+ 0-1

[Event "Nordic Girls CC 2025 U16"]
[Site "Fredericia"]
[Date "2025.04.25"]
[Round "1.5"]
[White "Li, Anna Sofie"]
[Black "Hellstrand, Josefina"]
[Result "0-1"]
[WhiteElo "1780"]
[BlackElo "1610"]
[EventDate "2025.04.25"]
[EventType "swiss"]
[EventRounds "5"]
[EventCountry "DEN"]
[SourceTitle "Live v. Kasper Jerwiarz"]

1. e4 Nc6 2. d4 d5 3. exd5 Qxd5 4. Nf3 e5 5. dxe5 Qxd1+ 6. Kxd1 Bg4 7. Bb5 Bxf3+ 8. gxf3 O-O-O+ 9. Ke1 Nd4 10. Ba4 Nxf3+ 11. Kf1 Rd1+ 12. Kg2 Nh4+ 13. Kh3 Rxh1 14. Nc3 Ng6 15. f3 Rg1 16. Ne2 Re1 17. Ng3 Rxe5 18. Bd2 Nf6 19. Bb3 Nd5 20. Ne4 Bd6 21. Ng5 Ndf4+ 22. Bxf4 Nxf4+ 23. Kg4 h5+ 0-1

[Event "Nordic Girls CC 2025 U16"]
[Site "Fredericia"]
[Date "2025.04.25"]
[Round "1.6"]
[White "Andries, Leia"]
[Black "Kilina, Diana"]
[Result "1-0"]
[WhiteElo "1734"]
[BlackElo "1469"]
[EventDate "2025.04.25"]
[EventType "swiss"]
[EventRounds "5"]
[EventCountry "DEN"]
[SourceTitle "Live v. Kasper Jerwiarz"]

1. e4 e5 2. Nf3 Nc6 3. d4 Nf6 4. dxe5 Nxe4 5. Nbd2 Nxd2 6. Bxd2 Bc5 7. Bd3 d6 8. exd6 Bxd6 9. O-O Bg4 10. h3 Bh5 11. Re1+ Ne7 12. Qe2 O-O 13. Bxh7+ Kh8 14. Bd3 Ng6 15. g4 Bxg4 16. hxg4 Bf4 17. Bxg6 fxg6 18. Bxf4 Rxf4 19. Ne5 Qg5 20. f3 Re8 21. Nxg6+ Qxg6 22. Qxe8+ Qxe8 23. Rxe8+ Kh7 24. Kf2 Rc4 25. c3 b6 26. Rh1+ Kg6 27. Rh5 Rc5 28. Rxc5 bxc5 29. f4 c4 30. Kg3 c5 31. Rf8 a5 32. Kh4 a4 33. f5+ Kh6 34. Rh8# 1-0

[Event "Nordic Girls CC 2025 U16"]
[Site "Fredericia"]
[Date "2025.04.26"]
[Round "2.1"]
[White "Skramstad, Oda Kofoed"]
[Black "Ulmer, Maya Vissing"]
[Result "1-0"]
[WhiteElo "1939"]
[BlackElo "1778"]
[EventDate "2025.04.25"]
[EventType "swiss"]
[EventRounds "5"]
[EventCountry "DEN"]
[SourceTitle "Live v. Kasper Jerwiarz"]

1. e4 c6 2. d4 d5 3. Nc3 dxe4 4. Nxe4 Nf6 5. Nxf6+ exf6 6. c3 Bd6 7. Bd3 O-O 8. Qc2 Re8+ 9. Ne2 h5 10. Be3 h4 11. O-O-O Be6 12. Kb1 Nd7 13. c4 Nf8 14. Nc3 a6 15. c5 Bc7 16. Be4 Qe7 17. Rhe1 Rad8 18. g3 Bd5 19. Bf4 Ne6 20. Bxc7 Qxc7 21. gxh4 Nxd4 22. Bh7+ Kf8 23. Rxe8+ Kxe8 24. Qc1 Ne6 25. Rg1 Qxh2 26. Bf5 Kf8 27. Be4 Bxe4+ 28. Nxe4 Qxh4 29. f3 Qf4 30. Qc3 Qe5 31. Qa5 f5 32. Ng5 Rd7 33. Re1 Qd5 34. f4 Nxg5 35. fxg5 Re7 36. Rc1 Qd3+ 37. Ka1 Rd7 38. Qe1 Qd2 39. Qh1 Qxg5 40. Qh8+ Ke7 41. Re1+ Kf6 42. Qe8 Rd5 43. a3 g6 44. Qh8# 1-0

[Event "Nordic Girls CC 2025 U16"]
[Site "Fredericia"]
[Date "2025.04.26"]
[Round "2.2"]
[White "Hellstrand, Josefina"]
[Black "Blauhut, Anna"]
[Result "1-0"]
[WhiteElo "1610"]
[BlackElo "1882"]
[EventDate "2025.04.25"]
[EventType "swiss"]
[EventRounds "5"]
[EventCountry "DEN"]
[SourceTitle "Live v. Kasper Jerwiarz"]

1. d4 d5 2. c4 dxc4 3. e4 Nf6 4. Nc3 e5 5. Be3 exd4 6. Qxd4 Qxd4 7. Bxd4 Be6 8. f4 Nc6 9. Bxf6 gxf6 10. f5 Bd7 11. Bxc4 Ne5 12. Be2 O-O-O 13. O-O-O Bh6+ 14. Kb1 Bc6 15. Nf3 Ng4 16. Rhe1 Ne3 17. Rxd8+ Rxd8 18. g3 a6 19. Ng1 Rd4 20. Bf3 Nc4 21. Re2 b5 22. a3 a5 23. e5 Nd2+ 24. Rxd2 Rxd2 25. Bxc6 fxe5 26. Nf3 Rd6 27. Bxb5 f6 28. Bc4 Be3 29. Ne4 Rc6 30. Be6+ Rxe6 31. fxe6 1-0

[Event "Nordic Girls CC 2025 U16"]
[Site "Fredericia"]
[Date "2025.04.26"]
[Round "2.3"]
[White "Briem, Gudrun Fanney"]
[Black "Andries, Leia"]
[Result "1-0"]
[WhiteElo "1862"]
[BlackElo "1734"]
[EventDate "2025.04.25"]
[EventType "swiss"]
[EventRounds "5"]
[EventCountry "DEN"]
[SourceTitle "Live v. Kasper Jerwiarz"]

1. e4 c5 2. Nf3 Nc6 3. d4 cxd4 4. Nxd4 Nf6 5. Nc3 e6 6. a3 Be7 7. Nxc6 bxc6 8. e5 Nd5 9. Qg4 g6 10. Qg3 d6 11. Nxd5 cxd5 12. Bb5+ Bd7 13. exd6 Bxb5 14. dxe7 Qxe7 15. Bd2 a5 16. Bxa5 O-O 17. Bc3 f6 18. O-O-O Qb7 19. f4 Qc6 20. h4 Ra7 21. Qe3 Rc7 22. Rhe1 Re8 23. Qd4 Rf7 24. g4 h6 25. g5 Kh7 26. gxf6 Rc8 27. Rg1 Be2 28. Rde1 Bf3 29. Rg3 Be4 30. h5 Rg8 31. Reg1 Qd7 32. Qd1 Qa4 33. Qe2 Bf5 34. Qf2 Qe4 35. Re1 Qa4 36. hxg6+ Bxg6 37. Reg1 Qe4 38. R3g2 Qf5 39. Qe3 Rc7 40. Qe5 Qxe5 41. Bxe5 Rf7 42. b4 Ra7 43. Kb2 h5 44. Rg5 Kh6 45. Kb3 Rd7 46. R1g2 Kh7 47. Rh2 Kh6 48. a4 Ra7 49. Rhg2 Rd7 50. c3 Kh7 51. b5 Kh6 52. a5 Ra7 53. Kb4 Rf7 54. b6 Rd7 55. a6 d4 56. cxd4 1-0

[Event "Nordic Girls CC 2025 U16"]
[Site "Fredericia"]
[Date "2025.04.26"]
[Round "2.4"]
[White "Schmalholz, Tuva"]
[Black "Li, Anna Sofie"]
[Result "0-1"]
[WhiteElo "1673"]
[BlackElo "1780"]
[EventDate "2025.04.25"]
[EventType "swiss"]
[EventRounds "5"]
[EventCountry "DEN"]
[SourceTitle "Live v. Kasper Jerwiarz"]

1. e4 e5 2. Bc4 Nf6 3. Nc3 Nc6 4. d3 h6 5. f4 exf4 6. Bxf4 Bc5 7. Nf3 O-O 8. Na4 d5 9. Nxc5 dxc4 10. e5 Nd5 11. Bg3 Ne3 12. Qd2 Nd4 13. Nxd4 Qxd4 14. Bf2 Qxb2 15. Rc1 Nxg2+ 16. Kf1 Bh3 17. Kg1 Qxe5 18. dxc4 Nf4 19. Re1 Qg5+ 20. Bg3 Qxc5+ 21. Re3 Rad8 22. Qe1 Rd1 23. Qxd1 Qxe3+ 24. Bf2 Qe4 0-1

[Event "Nordic Girls CC 2025 U16"]
[Site "Fredericia"]
[Date "2025.04.26"]
[Round "2.5"]
[White "Kilina, Diana"]
[Black "Ostafiev, Cristina"]
[Result "0-1"]
[WhiteElo "1469"]
[BlackElo "1712"]
[EventDate "2025.04.25"]
[EventType "swiss"]
[EventRounds "5"]
[EventCountry "DEN"]
[SourceTitle "Live v. Kasper Jerwiarz"]

1. e4 e5 2. Nf3 Nc6 3. Bc4 Bc5 4. Nc3 d6 5. h3 Nf6 6. d3 h6 7. O-O Be6 8. Bxe6 fxe6 9. b3 Qe7 10. Qe1 g5 11. a4 g4 12. hxg4 Nxg4 13. Nd1 Qf7 14. Be3 Nd4 15. Bxd4 exd4 16. Qa5 Bb6 17. Qd2 a5 18. c3 Qh5 19. Qf4 Rg8 20. cxd4 O-O-O 21. Ne3 Rdf8 22. Qg3 Nxe3 23. Qh2 Rxg2+ 24. Qxg2 Nxg2 25. Kxg2 Rg8+ 26. Ng5 Rxg5# 0-1

[Event "Nordic Girls CC 2025 U16"]
[Site "Fredericia"]
[Date "2025.04.26"]
[Round "2.6"]
[White "Gultekin, Ece"]
[Black "Donovan, Sabrina"]
[Result "1-0"]
[WhiteElo "1675"]
[BlackElo "1508"]
[EventDate "2025.04.25"]
[EventType "swiss"]
[EventRounds "5"]
[EventCountry "DEN"]
[SourceTitle "Live v. Kasper Jerwiarz"]

1. e4 e5 2. Nf3 Nc6 3. Bc4 h6 4. c3 Nf6 5. d3 d6 6. Be3 Bg4 7. Qb3 Na5 8. Bxf7+ Ke7 9. Qa4 Kxf7 10. Qxa5 b6 11. Qa4 Bd7 12. Qc2 c5 13. h3 Be7 14. g4 Qc7 15. g5 hxg5 16. Qb3+ Ke8 17. Nxg5 Bf8 18. Qf7+ Kd8 19. Na3 a6 20. Nc4 b5 21. Nd2 Bc8 22. Qg6 Rg8 23. d4 cxd4 24. cxd4 exd4 25. Bxd4 Qe7 26. Bb6+ Kd7 27. Rc1 Ne8 28. Qf5+ Qe6 29. Qxe6# 1-0

[Event "Nordic Girls CC 2025 U16"]
[Site "Fredericia"]
[Date "2025.04.26"]
[Round "3.1"]
[White "Briem, Gudrun Fanney"]
[Black "Skramstad, Oda Kofoed"]
[Result "1-0"]
[WhiteElo "1862"]
[BlackElo "1939"]
[EventDate "2025.04.25"]
[EventType "swiss"]
[EventRounds "5"]
[EventCountry "DEN"]
[SourceTitle "Live v. Kasper Jerwiarz"]

1. d4 Nf6 2. c4 g6 3. Nc3 Bg7 4. e4 d6 5. Be2 O-O 6. Nf3 e5 7. dxe5 dxe5 8. Qxd8 Rxd8 9. Bg5 Re8 10. O-O-O Nbd7 11. Nb5 Rb8 12. Nxc7 Re7 13. Bxf6 Nxf6 14. Rd8+ Bf8 15. Nd5 Nxd5 16. cxd5 f6 17. Bb5 Rc7+ 18. Kb1 Rc5 19. Bd7 Bxd7 20. Rxb8 Bb5 21. Rd1 Rc7 22. Ne1 Kf7 23. Rc1 Rd7 24. a3 Bh6 25. Rc5 a6 26. Kc2 Bf8 27. Rc3 Bd6 28. Rh8 Kg7 29. Ra8 Bf1 30. Rac8 Kf7 31. Kd2 Kg7 32. f3 f5 33. Rc2 fxe4 34. fxe4 Rf7 35. Ke3 Bb5 36. Nf3 h6 37. Rd8 Be7 38. Ra8 Bd6 39. Rcc8 Kf6 40. Rh8 Bf1 41. Kf2 Bd3 42. Rhe8 Be7 43. Ke3 Bb5 44. Rec8 Bd6 45. b4 Bf1 46. Ne1 Kg5 47. Rc2 Bc7 48. Nf3+ Kh5 49. Rxc7 Rxc7 50. Nxe5 Bb5 51. d6 Rc3+ 52. Kf4 g5+ 53. Kf5 Rc2 54. d7 Bxd7+ 55. Nxd7 Rf2+ 56. Ke6 Rxg2 57. Nf6+ Kh4 58. Rh8 g4 59. Rxh6+ Kg5 60. Rh7 Kg6 61. Rh8 Kg5 62. Rg8+ Kf4 63. Rxg4+ 1-0

[Event "Nordic Girls CC 2025 U16"]
[Site "Fredericia"]
[Date "2025.04.26"]
[Round "3.2"]
[White "Ulmer, Maya Vissing"]
[Black "Hellstrand, Josefina"]
[Result "1/2-1/2"]
[WhiteElo "1778"]
[BlackElo "1610"]
[EventDate "2025.04.25"]
[EventType "swiss"]
[EventRounds "5"]
[EventCountry "DEN"]
[SourceTitle "Live v. Kasper Jerwiarz"]

1. d4 d5 2. c4 c6 3. Nc3 Nf6 4. Nf3 e6 5. Bf4 Bd6 6. Bxd6 Qxd6 7. e3 Nbd7 8. cxd5 exd5 9. Bd3 O-O 10. O-O Re8 11. Qc2 Nf8 12. Rab1 Bg4 13. Ne5 Rac8 14. Nxg4 Nxg4 15. g3 Qh6 16. h4 Nxe3 17. fxe3 Qxe3+ 18. Kg2 Qxd4 19. Rf4 Qe5 20. Rbf1 Re7 21. Qf2 Rcc7 22. Qxa7 Ng6 23. Rf5 Qe6 24. Qd4 Qe3 25. Qxe3 Rxe3 26. Bc2 Rce7 27. R5f3 d4 28. Nd1 Rxf3 29. Rxf3 Ne5 30. Ra3 g6 31. Nf2 Nc4 32. Ra8+ Kg7 33. Be4 Ne3+ 34. Kf3 f5 35. Bd3 c5 36. b3 Nd5 37. Kg2 Ne3+ 1/2-1/2

[Event "Nordic Girls CC 2025 U16"]
[Site "Fredericia"]
[Date "2025.04.26"]
[Round "3.3"]
[White "Blauhut, Anna"]
[Black "Andries, Leia"]
[Result "1/2-1/2"]
[WhiteElo "1882"]
[BlackElo "1734"]
[EventDate "2025.04.25"]
[EventType "swiss"]
[EventRounds "5"]
[EventCountry "DEN"]
[SourceTitle "Live v. Kasper Jerwiarz"]

1. e4 c5 2. Nf3 d6 3. Bb5+ Nd7 4. O-O a6 5. Bd3 Ngf6 6. c3 b5 7. a4 c4 8. Bc2 Bb7 9. Re1 e5 10. d4 Qc7 11. axb5 axb5 12. Rxa8+ Bxa8 13. Na3 Qb8 14. Bb1 Be7 15. b3 O-O 16. bxc4 bxc4 17. Re2 Qc7 18. d5 Nb6 19. Rb2 Nfd7 20. Rb4 f5 21. Bg5 Nf6 22. Bxf6 Bxf6 23. Qd2 fxe4 24. Bxe4 Bd8 25. g3 Qc5 26. Ne1 Bxd5 27. Bxd5+ Qxd5 28. Qxd5+ Nxd5 29. Rxc4 Bb6 30. Nd3 Rf3 31. Nb4 Nxc3 32. Rc8+ Kf7 33. Nc4 Ne2+ 34. Kh1 Bxf2 35. Nxd6+ Ke7 36. Ne4 Be3 37. Kg2 Nd4 38. Rc3 Bd2 39. Nxd2 Rxc3 40. Nd5+ Ke6 41. Nxc3 Kf5 42. Kf2 Kg4 43. Nce4 h6 44. Kg2 Kf5 45. Nd6+ Ke6 46. N6c4 Kd5 47. Ne3+ Ke6 48. Ne4 Ke7 49. g4 g6 50. h4 Ke6 51. Nd2 Kf6 52. Kg3 Ke6 53. Kf2 Kf6 54. Nf3 Nc6 55. Nd2 Nd4 56. Ke1 Ke6 57. Kd1 Kf6 58. Kc1 e4 59. Kd1 Ke5 60. Ng2 Nf3 61. Ke2 Nxh4 62. Nxh4 1/2-1/2

[Event "Nordic Girls CC 2025 U16"]
[Site "Fredericia"]
[Date "2025.04.26"]
[Round "3.4"]
[White "Li, Anna Sofie"]
[Black "Gultekin, Ece"]
[Result "0-1"]
[WhiteElo "1780"]
[BlackElo "1675"]
[EventDate "2025.04.25"]
[EventType "swiss"]
[EventRounds "5"]
[EventCountry "DEN"]
[SourceTitle "Live v. Kasper Jerwiarz"]

1. e4 e5 2. Nf3 Nc6 3. Bb5 Bc5 4. c3 Nf6 5. O-O O-O 6. d4 exd4 7. cxd4 Be7 8. d5 a6 9. Be2 Na7 10. Nc3 d6 11. Nd4 c5 12. dxc6 bxc6 13. Bf4 Rb8 14. b3 Bd7 15. Bxa6 Qa5 16. Qd3 Rb6 17. Bc4 d5 18. exd5 cxd5 19. Nxd5 Nxd5 20. Nf5 Bf6 21. Bxd5 Bxa1 22. Rxa1 Bxf5 23. Qxf5 Rb5 24. Rd1 Nc6 25. Bd6 g6 26. Qe4 Rd8 27. Qf3 Ne5 28. Bxe5 Rbxd5 0-1

[Event "Nordic Girls CC 2025 U16"]
[Site "Fredericia"]
[Date "2025.04.26"]
[Round "3.5"]
[White "Ostafiev, Cristina"]
[Black "Schmalholz, Tuva"]
[Result "0-1"]
[WhiteElo "1712"]
[BlackElo "1673"]
[EventDate "2025.04.25"]
[EventType "swiss"]
[EventRounds "5"]
[EventCountry "DEN"]
[SourceTitle "Live v. Kasper Jerwiarz"]

1. e4 e6 2. d4 d5 3. e5 c5 4. c3 Nc6 5. f4 cxd4 6. cxd4 Nh6 7. Nf3 Be7 8. Be2 Bh4+ 9. g3 Be7 10. Nc3 Nf5 11. Bb5 Bd7 12. Bxc6 bxc6 13. O-O h5 14. Qe2 Rh6 15. Nd1 Qb6 16. Be3 Bc8 17. Re1 Rg6 18. Rc1 h4 19. Bf2 Bb4 20. Nc3 Ba6 21. Qc2 hxg3 22. hxg3 Nxg3 23. Bxg3 Rxg3+ 24. Kf2 Rg4 25. Qd2 Ke7 26. a3 Bxc3 27. Rxc3 Rb8 28. b4 Rh8 29. Rg1 Rxg1 30. Kxg1 Bb5 31. Qg2 Rg8 32. Qf2 Rh8 33. Nd2 a5 34. Rb3 axb4 35. axb4 Qa6 36. Rb1 Bd3 37. Rb3 Qa1+ 38. Nf1 Bxf1 39. Qb2 Qe1 40. Qb1 Qxb1 41. Rxb1 Bb5 42. Ra1 Rd8 43. Kf2 f6 44. Kg3 fxe5 45. fxe5 Kf8 46. Kg4 Ke7 47. Kg5 Kf8 48. Kg4 Re8 49. Kg5 Kf7 50. Ra7+ Re7 51. Ra1 Bd3 52. Ra3 Bc4 53. Ra1 g6 54. Rh1 Kg7 55. Ra1 Rf7 56. Kg4 Rf5 57. Ra7+ Kh6 58. Re7 Be2+ 59. Kg3 Rg5+ 60. Kf2 Bb5 61. Rxe6 Rg4 62. Ke3 Re4+ 63. Kd2 Rxd4+ 64. Kc3 Rc4+ 65. Kb3 Re4 66. Kc3 Kg5 67. Re7 Kf5 68. Rf7+ Kxe5 69. Rg7 Rc4+ 70. Kb3 Kf6 71. Rg8 g5 72. Ka3 Kf5 73. Rf8+ Ke4 74. Rg8 Kf4 75. Rf8+ Kg3 76. Kb2 Kg2 77. Re8 Re4 78. Rg8 g4 79. Kc2 g3 80. Kd2 Rf4 81. Ke3 Rf3+ 82. Kd2 Kf1 83. Re8 Rf2+ 84. Kd1 Ba4+ 85. Kc1 g2 86. b5 g1=Q 87. Re1+ Kxe1 88. b6 Rc2+ 89. Kb1 Kd2# 0-1

[Event "Nordic Girls CC 2025 U16"]
[Site "Fredericia"]
[Date "2025.04.26"]
[Round "3.6"]
[White "Donovan, Sabrina"]
[Black "Kilina, Diana"]
[Result "1-0"]
[WhiteElo "1508"]
[BlackElo "1469"]
[EventDate "2025.04.25"]
[EventType "swiss"]
[EventRounds "5"]
[EventCountry "DEN"]
[SourceTitle "Live v. Kasper Jerwiarz"]

1. e4 e5 2. c3 Nf6 3. Qe2 Bc5 4. Nf3 Nc6 5. Nxe5 Bxf2+ 6. Qxf2 Nxe5 7. d4 Neg4 8. Qf3 d5 9. Bd3 O-O 10. e5 Ne8 11. h3 Nh6 12. Bxh6 Qh4+ 13. Ke2 Qxh6 14. Qxd5 Bg4+ 15. Kf2 Qf4+ 16. Kg1 Qe3+ 17. Kh2 Be6 18. Qxb7 Rd8 19. Qe4 Qh6 20. Na3 f5 21. Qe2 c6 22. Bc4 Nc7 23. Bxe6+ Nxe6 24. g3 f4 25. Rhf1 Ng5 26. gxf4 Qxh3+ 27. Kg1 Qg3+ 28. Qg2 Qe3+ 29. Kh2 Ne4 30. Rae1 Qd3 31. Qxe4 Qxe4 32. Rxe4 Rf5 33. Kg3 Rdf8 34. Kf3 g5 35. Ke3 Kh8 36. Nc4 g4 37. Rg1 Rg8 38. Nd6 Rh5 39. Nf7+ Kg7 40. Ng5 Rh4 41. f5 Kh6 42. Rexg4 Rxg4 43. Rxg4 Rxg5 44. Rxg5 Kxg5 45. f6 Kg6 46. Kf4 h5 47. Kg3 Kf7 48. Kh4 a6 49. Kxh5 a5 50. c4 a4 51. b3 a3 52. d5 c5 53. d6 Ke8 54. Kg6 Kf8 55. d7 Kg8 56. d8=Q# 1-0

[Event "Nordic Girls CC 2025 U16"]
[Site "Fredericia"]
[Date "2025.04.27"]
[Round "4.1"]
[White "Hellstrand, Josefina"]
[Black "Briem, Gudrun Fanney"]
[Result "0-1"]
[WhiteElo "1610"]
[BlackElo "1862"]
[EventDate "2025.04.25"]
[EventType "swiss"]
[EventRounds "5"]
[EventCountry "DEN"]
[SourceTitle "Live v. Kasper Jerwiarz"]

1. e4 c5 2. Nc3 a6 3. a4 Nc6 4. f4 e6 5. Bc4 Nf6 6. e5 d5 7. exd6 Bxd6 8. d3 O-O 9. Nf3 b6 10. O-O Bb7 11. Bd2 Qc7 12. Ng5 Ne7 13. Nce4 Ned5 14. Bxd5 Bxd5 15. Nxf6+ gxf6 16. Ne4 Bxe4 17. dxe4 Kh8 18. Bc3 Be7 19. Qh5 c4 20. Qh6 e5 21. fxe5 fxe5 22. Rf5 f6 23. Raf1 Bc5+ 24. Kh1 Qg7 25. Qh4 Rad8 26. h3 Be7 27. Kh2 Rd7 28. R1f3 Rg8 29. Rg3 Qxg3+ 30. Qxg3 Rxg3 31. Kxg3 Rd1 32. b3 cxb3 33. cxb3 Rb1 34. b4 Kg7 35. b5 axb5 36. axb5 Rxb5 37. Kf2 Rb3 38. Bd2 Rb2 39. Ke3 Bc5+ 40. Kd3 Rb3+ 41. Kc4 Rg3 42. Be1 Rxg2 43. Bh4 Be7 44. Kd5 Kf7 45. Kc6 Re2 46. Kd5 Rd2+ 47. Kc6 Rd6+ 48. Kb5 Rd4 49. Bf2 Rxe4 0-1

[Event "Nordic Girls CC 2025 U16"]
[Site "Fredericia"]
[Date "2025.04.27"]
[Round "4.2"]
[White "Skramstad, Oda Kofoed"]
[Black "Gultekin, Ece"]
[Result "1-0"]
[WhiteElo "1939"]
[BlackElo "1675"]
[EventDate "2025.04.25"]
[EventType "swiss"]
[EventRounds "5"]
[EventCountry "DEN"]
[SourceTitle "Live v. Kasper Jerwiarz"]

1. d4 d5 2. c4 e6 3. Nc3 Nf6 4. Bg5 Nbd7 5. e3 c6 6. Nf3 Qa5 7. Bxf6 Nxf6 8. Bd3 Bb4 9. Qc2 c5 10. O-O cxd4 11. exd4 dxc4 12. Bxc4 O-O 13. a3 Be7 14. Rfe1 Bd6 15. Ne5 a6 16. Ba2 Qc7 17. Rac1 b5 18. Qd3 Qb8 19. Bb1 g6 20. Qf3 Kg7 21. Ne4 Bxe5 22. dxe5 Nd5 23. Nd6 Bb7 24. Be4 f5 25. Bxd5 Bxd5 26. Qc3 Ra7 27. Qa5 Rd8 28. Qb4 Qa8 29. f3 Rad7 30. Rc3 Qa7+ 31. Kh1 Qf2 32. Rec1 Qe2 33. Qf4 Qxb2 34. Qg5 Bc4 35. h3 Rf8 36. Qf4 Rc7 37. Qe3 f4 38. Qb6 Qf2 1-0

[Event "Nordic Girls CC 2025 U16"]
[Site "Fredericia"]
[Date "2025.04.27"]
[Round "4.3"]
[White "Ulmer, Maya Vissing"]
[Black "Blauhut, Anna"]
[Result "0-1"]
[WhiteElo "1778"]
[BlackElo "1882"]
[EventDate "2025.04.25"]
[EventType "swiss"]
[EventRounds "5"]
[EventCountry "DEN"]
[SourceTitle "Live v. Kasper Jerwiarz"]

1. d4 d5 2. c4 c6 3. Nc3 Nf6 4. Nf3 dxc4 5. a4 Bf5 6. Nh4 Bd7 7. a5 e6 8. Bd2 c5 9. dxc5 Bxc5 10. Nf3 Nc6 11. a6 bxa6 12. e3 O-O 13. Bxc4 Qe7 14. O-O Rfd8 15. Qe2 a5 16. Rfd1 Bb6 17. Be1 Be8 18. Nb5 e5 19. Nc3 e4 20. Nd2 Bc7 21. Nf1 Nb4 22. Nb5 Bxb5 23. Bxb5 Rab8 24. b3 Rxd1 25. Rxd1 Be5 26. Bc4 g6 27. h3 Nd7 28. Bxb4 axb4 29. Qa2 Nb6 30. Nd2 Rd8 31. Be2 Bc3 32. Qc2 f5 33. Nc4 Rxd1+ 34. Qxd1 Nxc4 35. Bxc4+ Kg7 36. Qd5 Qc7 37. Qg8+ Kh6 38. Qf7 Qa5 39. g4 Qd8 40. gxf5 Qg5+ 41. Kf1 Qh4 42. Qxa7 Qxh3+ 43. Kg1 Qxf5 44. Qc7 Be5 45. Qb7 Qg4+ 46. Kf1 Qh3+ 47. Ke2 Qf3+ 48. Ke1 Bc3+ 0-1

[Event "Nordic Girls CC 2025 U16"]
[Site "Fredericia"]
[Date "2025.04.27"]
[Round "4.4"]
[White "Andries, Leia"]
[Black "Li, Anna Sofie"]
[Result "1-0"]
[WhiteElo "1734"]
[BlackElo "1780"]
[EventDate "2025.04.25"]
[EventType "swiss"]
[EventRounds "5"]
[EventCountry "DEN"]
[SourceTitle "Live v. Kasper Jerwiarz"]

1. e4 e5 2. Nf3 Nc6 3. Bb5 a6 4. Ba4 Nf6 5. O-O Be7 6. Re1 b5 7. Bb3 O-O 8. a4 Bb7 9. d3 d6 10. h3 Na5 11. Ba2 c5 12. Nbd2 Qc7 13. c3 c4 14. d4 Rfe8 15. d5 Bc8 16. Nf1 Nb7 17. Bb1 Bd7 18. Bc2 Nc5 19. axb5 axb5 20. Bd2 Qb7 21. Ng3 Rxa1 22. Qxa1 Ra8 23. Qd1 h6 24. Be3 Qc8 25. Qd2 Kh7 26. Nh2 Bd8 27. f4 Bb6 28. Kh1 Kg8 29. fxe5 dxe5 30. Nf3 Qe8 31. Qf2 Qe7 32. Kh2 Qd6 33. Rd1 Ra2 34. Bb1 Ra1 35. Re1 Na4 36. Bxb6 Nxb6 37. Nxe5 Qxe5 38. Qxb6 Nxd5 39. Qd8+ Kh7 40. exd5+ 1-0

[Event "Nordic Girls CC 2025 U16"]
[Site "Fredericia"]
[Date "2025.04.27"]
[Round "4.5"]
[White "Donovan, Sabrina"]
[Black "Ostafiev, Cristina"]
[Result "1/2-1/2"]
[WhiteElo "1508"]
[BlackElo "1712"]
[EventDate "2025.04.25"]
[EventType "swiss"]
[EventRounds "5"]
[EventCountry "DEN"]
[SourceTitle "Live v. Kasper Jerwiarz"]

1. e4 e5 2. Bc4 Nc6 3. d3 Bc5 4. Nc3 d6 5. h3 Nf6 6. f4 Be6 7. Bb5 Bd7 8. Bxc6 Bxc6 9. fxe5 dxe5 10. Nf3 Qe7 11. Qe2 O-O-O 12. Be3 Bd4 13. Qd2 Rhf8 14. Bxd4 exd4 15. Ne2 Qc5 16. a3 b5 17. O-O-O h6 18. Qb4 1/2-1/2